000 00759nas1a22002051i 4500
001 rc\97529
005 20240726014210.0
035 _a(NLR Aleph) 005397493
090 _a7241809
_c7241809
100 _a20021216a19979999u |0rusy50 ca
101 0 _arus
102 _aRU
200 1 _aКрупицы опыта
_eИнформ.-метод. бюл.
_fКаякент. эксперим. науч. лаб. по формированию добрых человеч. отношений
210 _aМахачкала
_aПятигорск
_cИзд-во ПГЛУ
_d1997-
225 1 _aФДЧО
300 _aВ надзаг. также: М-во образования Респ.
801 0 _aRU
_bNLR
_gpsbo
801 1 _aRU
_bELAR
_2rusmarc
852 _aNLR
_jП28/1710
942 _cSE